El alcance de la responsabilidad solidaria en los términos del artículo 30 de la LCT en torno a los entes públicos (Registro nro. 18511)

Detalles MARC
000 -LEADER
fixed length control field 00391 a2200109 4500
001 - CONTROL NUMBER
control field ART_38098
005 - DATE AND TIME OF LATEST TRANSACTION
control field 20260410161738.0
008 - FIXED-LENGTH DATA ELEMENTS--GENERAL INFORMATION
fixed length control field 260409a
100 1# - MAIN ENTRY--PERSONAL NAME
Personal name Vidal, Verónica
245 10 - TITLE STATEMENT
Title El alcance de la responsabilidad solidaria en los términos del artículo 30 de la LCT en torno a los entes públicos
773 0# - HOST ITEM ENTRY
Title Doctrina laboral
Related parts - Nº 360 (ago. 2015)
Record control number REV4049

No hay ítems disponibles.